000 00564nam a22001937a 4500
999 _c195130
_d195130
005 20230317125659.0
010 _aENG-136248
020 _c700.00
_a9789389209310
035 _aEN-119780
037 _bDBAD/PUB
082 _a609.2
100 _aRoy , Sovan
245 _aRadhika Nath Saha Unsung Hero Of Indian Fountain Pen/
_cBy Sovan Roy
260 _aWest Bengal
_bKamlesh Nanda
_c2019
270 _aPaschim,Medinipur,
_bWest Bengal
_e721102
300 _a160p.
_c24cm(hbk)
500 _aVolume 1 Ancient
942 _2ddc
_cEN
_h609.2
_mROY